| 000 | 00350nam a2200145Ia 4500 | ||
|---|---|---|---|
| 008 | 150201s2013 xx 000 0 und d | ||
| 082 |
_a610.73 _bK13B |
||
| 100 | _aBERMAN, AUDREY | ||
| 245 | _aKOZIER & ERB'S FUNDAMENTALS OF NURSING | ||
| 250 | _a9TH | ||
| 260 |
_bPEARSON _aINDIA _c2013 |
||
| 300 | _a1616 | ||
| 650 | _aNURSING | ||
| 942 |
_2ddc _cBK _01 |
||
| 999 |
_c2196 _d2196 |
||